000 00909nam a22001937a 4500
999 _c56857
_d56857
003 Ge_BSU
005 20190516211636.0
008 190516s1993 ge ||||| |||| 00| 0 geo d
041 _ageo
080 _a340.1 ი-69
100 _aინწკირველი, გივი
_91291
245 _aსახელმწიფოსა და სამართლის თეორია :
_b(ძირითადი ცნებები და დებულებები) /
_cგ. ინწკირველი; რედ. ს. ჯორბენაძე.
264 _aთბილისი :
_bთბილ. უნ-ტის გამ-ბა,
_c1993.
300 _a187გვ. ;
_b 21სმ.
653 _aსამართალი
653 _aსამართლის თეორია
700 _aჯორბენაძე, ს.
_eრედაქტორი
_91292
942 _2udc
_cBK